Teoría de puntos críticos con aplicaciones /

Guardado en:
Autor Principal: Zuluaga Uribe, Mario.
Formato: Libro
Idioma:Spanish
Publicado: [México, D.F.] : Centro de Investigación y de Estudios Avanzados del I.P.N., Departamento de Matemáticas, impresión de 1994.
Etiquetas: Agregar Etiqueta
Sin Etiquetas, Sea el primero en etiquetar este registro!
LEADER 00617nam a22001575a 4500
001 MAT.inmabb005016
008 080826s1994####mx#######b####000#0#spa#d
005 20170602165936.0
245 1 0 |a Teoría de puntos críticos con aplicaciones /  |c Mario Zuluaga Uribe. 
260 |a [México, D.F.] :  |b Centro de Investigación y de Estudios Avanzados del I.P.N., Departamento de Matemáticas,  |c impresión de 1994. 
300 |a 97 p. ;  |c 22 cm. 
500 |a Notas de un seminario realizado en 1990. 
504 |a Bibliografía: p. 94-97. 
100 1 |a Zuluaga Uribe, Mario. 
084 |a 49-XX  |2 msc2000 
859 |h 49  |i Z94  |p A-7108  |b BIB. MATEMATICA